000
00216nam a2200097Ia 4500
008
240331s9999 xx 000 0 und d
082
_b
BHA
100
_a
Bhasin, K
245
0
_a
Gahanu lamaya yanu kawarekda?
942
_c
L
999
_c
5563
_d
5563